El Mundo de Tim Burton (Record no. 10855)

MARC details
000 -CABECERA
campo de control de longitud fija 00736nam a22002057a 4500
001 - NÚMERO DE CONTROL
campo de control BRCA_9236
003 - IDENTIFICADOR DEL NÚMERO DE CONTROL
campo de control FranzMayer
005 - FECHA Y HORA DE LA ÚLTIMA TRANSACCIÓN
campo de control 20220928154424.0
008 - DATOS DE LONGITUD FIJA--INFORMACIÓN GENERAL
campo de control de longitud fija 220928b |||||||| |||| 00| 0 eng d
040 ## - FUENTE DE LA CATALOGACIÓN
Lengua de catalogación spa
Centro/agencia transcriptor MFM
041 ## - CÓDIGO DE LENGUA
Código de lengua del texto/banda sonora o título independiente spa
-- eng
050 ## - SIGNATURA TOPOGRÁFICA DE LA BIBLIOTECA DEL CONGRESO
Número de clasificación NC17.M4
Número de documento/Ítem M96 2017
245 #3 - MENCIÓN DE TÍTULO
Título El Mundo de Tim Burton
260 ## - PUBLICACIÓN, DISTRIBUCIÓN, ETC.
Lugar de publicación, distribución, etc. Ciudad de México :
Nombre del editor, distribuidor, etc. Museo Franz Mayer,
Fecha de publicación, distribución, etc. 2017
300 ## - DESCRIPCIÓN FÍSICA
Extensión 84 pp. :
Otras características físicas il. fot. ;
Dimensiones 21.5 x 21.5 cm.
500 ## - NOTA GENERAL
Nota general Catálogo de la exposición "El Mundo de Tim Burton" realizada en el Museo Franz Mayer en la Ciudad de México (6 de diciembre 2017 - 8 de abril 2018).
600 ## - PUNTO DE ACCESO ADICIONAL DE MATERIA--NOMBRE DE PERSONA
Nombre de persona Burton, Tim,‏
Fechas asociadas al nombre 1958-
Subdivisión de forma Exposiciones
9 (RLIN) 28574
650 ## - PUNTO DE ACCESO ADICIONAL DE MATERIA--TÉRMINO DE MATERIA
Término de materia o nombre geográfico como elemento de entrada Dibujos
9 (RLIN) 12962
Subdivisión general Fotografías
Subdivisión de forma Exposiciones
942 ## - ELEMENTOS DE PUNTO DE ACCESO ADICIONAL (KOHA)
Fuente del sistema de clasificación o colocación Library of Congress Classification
Tipo de ítem Koha Libros
Holdings
Estado de retiro Estado de pérdida Fuente del sistema de clasificación o colocación Estado dañado No para préstamo Localización permanente Ubicación/localización actual Fecha de adquisición Total de préstamos Signatura topográfica completa Código de barras Fecha visto por última vez Precio válido a partir de Tipo de ítem Koha
El ejemplar forma parte de la colección y puede ser consultado según las políticas vigentes.   Library of Congress Classification     Biblioteca del Museo Franz Mayer (Rogerio Casas-Alatriste) Biblioteca del Museo Franz Mayer (Rogerio Casas-Alatriste) 28/09/2022   NC17.M4 M96 2017 CONT10029 28/09/2022 28/09/2022 Libros